[Event "Mittelfranken-chTB2a 1718"]
[Site "Mittelfranken"]
[Date "2018.05.06"]
[Round "9.5"]
[White "Rieber, Rene"]
[Black "Wiedemann, Jan"]
[Result "1/2-1/2"]
[WhiteElo "1827"]
[BlackElo "1620"]
[PlyCount "36"]
[EventDate "2017.10.08"]
[EventType "team-tourn"]
[EventRounds "9"]
[EventCountry "GER"]
[SourceTitle "EXT 2022"]
[Source "ChessBase"]
[SourceDate "2021.10.06"]
[SourceVersion "1"]
[SourceVersionDate "2021.10.06"]
[SourceQuality "1"]
[WhiteTeam "Bad Windsheim/Ansbach"]
[BlackTeam "Heilsbronn"]
[WhiteTeamCountry "GER"]
[BlackTeamCountry "GER"]

1. e4 e5 2. Bc4 Bc5 3. b4 Bb6 4. Bb2 d6 5. Nf3 Nf6 6. d3 0-0 7. 0-0 Nc6 8. c3 Bg4 9. Nbd2 Qd7 10. a4 a5 11. Bb5 d5 12. exd5 Qxd5 13. c4 Qe6 14. Bxc6 Qxc6 15. Nxe5 Bxd1 16. Nxc6 Be2 17. Ne7+ Kh8 18. Rfe1 Bxd3 1/2-1/2

[Event "Mittelfranken-chTB2a 1718"]
[Site "Mittelfranken"]
[Date "2018.04.22"]
[Round "8.5"]
[White "Kocak, Ediz"]
[Black "Rieber, Rene"]
[Result "1-0"]
[WhiteElo "1802"]
[BlackElo "1827"]
[PlyCount "91"]
[EventDate "2017.10.08"]
[EventType "team-tourn"]
[EventRounds "9"]
[EventCountry "GER"]
[SourceTitle "EXT 2022"]
[Source "ChessBase"]
[SourceDate "2021.10.06"]
[SourceVersion "1"]
[SourceVersionDate "2021.10.06"]
[SourceQuality "1"]
[WhiteTeam "Fuerth SG"]
[BlackTeam "Bad Windsheim/Ansbach"]
[WhiteTeamCountry "GER"]
[BlackTeamCountry "GER"]

1. e4 d5 2. exd5 Nf6 3. Bb5+ Bd7 4. Bc4 b5 5. Bb3 Bg4 6. f3 Bf5 7. Qe2 a6 8. a4 b4 9. Qe5 Bg6 10. Ne2 Nbd7 11. Qd4 a5 12. Nf4 Ra6 13. h4 Rd6 14. Qe3 Nb6 15. c4 bxc3 16. Nxc3 Nbxd5 17. Ncxd5 Nxd5 18. Bxd5 Rxd5 19. Nxd5 Qxd5 20. d4 e6 21. Qe5 Qc4 22. Qb5+ Qxb5 23. axb5 Bc2 24. Bd2 Kd7 25. Bxa5 Bd6 26. Kd2 Bb3 27. Kc3 Bd5 28. Bb4 Bg3 29. Rh3 Bf4 30. g3 Bh6 31. b6 Bxf3 32. Ra7 Rc8 33. Ba5 f5 34. Rh2 Be3 35. Kd3 Bg1 36. Rd2 h6 37. b4 g5 38. hxg5 hxg5 39. b5 f4 40. gxf4 g4 41. Rc2 g3 42. Raxc7+ Rxc7 43. Rxc7+ Ke8 44. b7 Bxb7 45. Rxb7 Kf8 46. Ke2 1-0

[Event "Mittelfranken-chTB2a 1718"]
[Site "Mittelfranken"]
[Date "2018.02.18"]
[Round "5.5"]
[White "Dervishaj, Ramiz"]
[Black "Rieber, Rene"]
[Result "0-1"]
[WhiteElo "1600"]
[BlackElo "1827"]
[PlyCount "98"]
[EventDate "2017.10.08"]
[EventType "team-tourn"]
[EventRounds "9"]
[EventCountry "GER"]
[SourceTitle "EXT 2022"]
[Source "ChessBase"]
[SourceDate "2021.10.06"]
[SourceVersion "1"]
[SourceVersionDate "2021.10.06"]
[SourceQuality "1"]
[WhiteTeam "Treuchtlingen/Wet SG"]
[BlackTeam "Bad Windsheim/Ansbach"]
[WhiteTeamCountry "GER"]
[BlackTeamCountry "GER"]

1. d4 Nf6 2. e3 d5 3. Bd3 c5 4. dxc5 e5 5. Nc3 Bxc5 6. Qe2 a6 7. e4 d4 8. Nd1 0-0 9. Nf3 Bg4 10. Bg5 Nbd7 11. 0-0 h6 12. Bh4 Qb6 13. c3 Nh5 14. Bg3 Rae8 15. Re1 Qf6 16. Bh4 Bxf3 17. Bxf6 Bxe2 18. Bxe2 Ndxf6 19. a3 Nf4 20. Bf3 Nd3 21. Re2 Rd8 22. c4 a5 23. g3 Bb6 24. Rd2 Nc5 25. b4 Nb3 26. Raa2 Nxd2 27. Rxd2 axb4 28. axb4 Ra8 29. Kg2 Ra3 30. c5 Bc7 31. Rb2 Rfa8 32. b5 Ra2 33. Rb1 Rc2 34. c6 bxc6 35. b6 Bb8 36. Nb2 Ra2 37. Nd3 c5 38. Kg1 g5 39. h3 h5 40. g4 h4 41. b7 c4 42. Nb4 Rcb2 43. Rxb2 Rxb2 44. Nc6 Rxb7 45. Kg2 c3 46. Bd1 d3 47. f4 c2 48. Bf3 c1Q 49. fxg5 Rb2+ 0-1

[Event "Mittelfranken-chTB2a 1617"]
[Site "Mittelfranken"]
[Date "2017.03.05"]
[Round "7.8"]
[White "Keller, Wendel"]
[Black "Rieber, Rene"]
[Result "0-1"]
[WhiteElo "1434"]
[BlackElo "1821"]
[PlyCount "54"]
[EventDate "2016.10.23"]
[EventType "team-tourn"]
[EventRounds "9"]
[EventCountry "GER"]
[SourceTitle "EXT 2022"]
[Source "ChessBase"]
[SourceDate "2021.10.06"]
[SourceVersion "1"]
[SourceVersionDate "2021.10.06"]
[SourceQuality "1"]
[WhiteTeam "Zirndorf II"]
[BlackTeam "Bad Windsheim/Ansbach"]
[WhiteTeamCountry "GER"]
[BlackTeamCountry "GER"]

1. d4 Nf6 2. c4 e5 3. e3 e4 4. a3 d5 5. cxd5 Qxd5 6. Nc3 Qg5 7. h3 c6 8. Nge2 Bd6 9. Nf4 Nbd7 10. Qc2 0-0 11. Nxe4 Nxe4 12. Qxe4 Nf6 13. Qd3 Re8 14. g3 Bf5 15. Qc3 Bxf4 16. gxf4 Qxf4 17. Be2 Qh4 18. Bf3 Be4 19. Bxe4 Nxe4 20. Qc2 Rad8 21. Kf1 Rd5 22. Rh2 Rf5 23. f4 Ng3+ 24. Kg2 Re6 25. Qf2 Rg6 26. Qe1 Ne4+ 27. Kf1 Rg1+ 0-1

[Event "Forchheim op-B 15th"]
[Site "Forchheim"]
[Date "2016.10.03"]
[Round "5"]
[White "Rieber, Rene"]
[Black "Huber, Lukas"]
[Result "1-0"]
[WhiteElo "1898"]
[BlackElo "1924"]
[PlyCount "114"]
[EventDate "2016.10.01"]
[EventType "swiss"]
[EventRounds "5"]
[EventCountry "GER"]
[SourceTitle "EXT 2019"]
[Source "ChessBase"]
[SourceDate "2018.10.10"]
[SourceVersion "1"]
[SourceVersionDate "2018.10.10"]
[SourceQuality "1"]

1. e4 e6 2. d4 d5 3. Nd2 c5 4. dxc5 Bxc5 5. Nb3 Be7 6. exd5 Qxd5 7. Qxd5 exd5 8. Be3 Nf6 9. 0-0-0 0-0 10. f3 Nc6 11. Ne2 Be6 12. Ned4 Rfd8 13. Nxe6 fxe6 14. c3 b6 15. Bb5 Ne5 16. Rhe1 Nc4 17. Bf4 e5 18. Bxe5 Nxe5 19. Rxe5 Bd6 20. Rf5 Bxh2 21. Bc6 Rac8 22. Bxd5+ Nxd5 23. Rdxd5 Re8 24. Rd7 Re2 25. g4 g6 26. Rff7 Be5 27. Rxa7 h5 28. gxh5 gxh5 29. f4 Rf2 30. f5 Rd8 31. Nd4 Bxd4 32. cxd4 Rc8+ 33. Kd1 Rg2 34. f6 Rd8 35. Rg7+ Rxg7 36. Rxg7+ Kf8 37. Rh7 Rxd4+ 38. Kc2 h4 39. Kc3 Rf4 40. b3 b5 41. a3 Ke8 42. f7+ Kf8 43. Rh5 b4+ 44. axb4 Kxf7 45. b5 Kg6 46. Rh8 Kg7 47. Rd8 h3 48. Rd2 Rh4 49. Rh2 Rh6 50. Kb4 Kf7 51. Ka5 Ke7 52. b6 Kd7 53. Ka6 Kc8 54. Ka7 Rh7+ 55. Ka8 Rh8 56. Rxh3 Rxh3 57. b7+ Kd7 1-0

[Event "Mittelfranken-chTB2a 1415"]
[Site "Mittelfranken"]
[Date "2015.01.25"]
[Round "5.7"]
[White "Diller, Andreas"]
[Black "Rieber, Rene"]
[Result "1-0"]
[WhiteElo "1745"]
[BlackElo "1700"]
[PlyCount "124"]
[EventDate "2014.09.28"]
[EventType "team-tourn"]
[EventRounds "9"]
[EventCountry "GER"]
[SourceTitle "EXT 2020"]
[Source "ChessBase"]
[SourceDate "2019.10.17"]
[SourceVersion "1"]
[SourceVersionDate "2019.10.17"]
[SourceQuality "1"]
[WhiteTeam "Rothenburg"]
[BlackTeam "Bechhofen II"]
[WhiteTeamCountry "GER"]
[BlackTeamCountry "GER"]

1. e4 d5 2. e5 d4 3. f4 f6 4. Bc4 Nc6 5. Nf3 Bg4 6. h3 Bxf3 7. Qxf3 fxe5 8. fxe5 Nxe5 9. Qh5+ Ng6 10. Qb5+ c6 11. Qxb7 Rc8 12. 0-0 Nf6 13. Be6 Rc7 14. Qb3 Qa8 15. Bf7+ Kd8 16. Be6 Qb7 17. Qc4 Qb6 18. Na3 Ne5 19. Qe2 d3+ 20. Qe3 Qxe3+ 21. dxe3 dxc2 22. Bd2 Rb7 23. Ba5+ Ke8 24. Nxc2 Nd5 25. e4 Nc7 26. Bc8 Rxb2 27. Bxc7 Nc4 28. Rad1 e5 29. Rd8+ Ke7 30. Rd7+ Ke8 31. Rd8+ Ke7 32. Rf2 Nb6 33. Bxb6 axb6 34. Rd7+ Ke8 35. Rfd2 Bc5+ 36. Kh2 Bd4 37. Rxg7 c5 38. Be6 Rf8 39. Rg8 b5 40. Rxf8+ Kxf8 41. Re2 Rb1 42. Na3 Rc1 43. Nxb5 c4 44. a4 Bb6 45. g4 Ra1 46. Bxc4 Rxa4 47. Bd5 Ke7 48. Nc3 Ra3 49. Rc2 Ra1 50. Ne2 Re1 51. Kg3 Rf1 52. Kh4 Rh1 53. Ng3 Rg1 54. Nf5+ Kd7 55. Kg5 Bd8+ 56. Kh5 Rh1 57. h4 h6 58. Kxh6 Bxh4 59. Nxh4 Rxh4+ 60. Kg5 Rh1 61. Rf2 Rg1 62. Kf6 Rxg4 1-0

[Event "Mittelfranken-ch qual"]
[Site "Wachendorf"]
[Date "2013.03.28"]
[Round "5.1"]
[White "Lais, Thomas"]
[Black "Rieber, Rene"]
[Result "1/2-1/2"]
[WhiteElo "1959"]
[BlackElo "1944"]
[PlyCount "89"]
[EventDate "2013.03.27"]
[EventType "swiss"]
[EventRounds "7"]
[EventCountry "GER"]
[SourceTitle "EXT 2022"]
[Source "ChessBase"]
[SourceDate "2021.10.06"]
[SourceVersion "1"]
[SourceVersionDate "2021.10.06"]
[SourceQuality "1"]

1. e4 e5 2. Nf3 Nf6 3. Nxe5 Nc6 4. Nxc6 dxc6 5. d3 Bc5 6. Be2 h5 7. Be3 Bxe3 8. fxe3 Ng4 9. Bxg4 hxg4 10. Qe2 Qh4+ 11. g3 Qf6 12. Nc3 Be6 13. 0-0-0 0-0-0 14. d4 Rh3 15. d5 cxd5 16. exd5 Bd7 17. Rhf1 Qe7 18. d6 cxd6 19. Qc4+ Bc6 20. Qxg4+ Qe6 21. Qxe6+ fxe6 22. Rf2 d5 23. Rdd2 Rdh8 24. Kd1 g5 25. Ke1 g4 26. Kd1 R8h5 27. Kc1 Kc7 28. Rf7+ Kb6 29. Rg7 Rxh2 30. Rxh2 Rxh2 31. Rxg4 e5 32. b4 a6 33. a4 Rg2 34. Rg6 d4 35. exd4 exd4 36. Nd5+ Ka7 37. Nf4 Rg1+ 38. Kb2 Bxa4 39. Nd3 Rg2 40. Nc5 Bxc2 41. Rg7 Be4+ 42. Kc1 Bc6 43. Rg4 Kb6 44. Rxd4 Rxg3 45. Nd3 1/2-1/2

[Event "Mittelfranken-ch qual"]
[Site "Wachendorf"]
[Date "2013.03.27"]
[Round "3.3"]
[White "Schanz, Karlheinz"]
[Black "Rieber, Rene"]
[Result "0-1"]
[WhiteElo "1923"]
[BlackElo "1944"]
[PlyCount "124"]
[EventDate "2013.03.27"]
[EventType "swiss"]
[EventRounds "7"]
[EventCountry "GER"]
[SourceTitle "EXT 2022"]
[Source "ChessBase"]
[SourceDate "2021.10.06"]
[SourceVersion "1"]
[SourceVersionDate "2021.10.06"]
[SourceQuality "1"]

1. e4 e5 2. Bc4 Nf6 3. d3 Nc6 4. Nc3 Na5 5. Bb3 Nxb3 6. axb3 Bc5 7. Nf3 Ng4 8. 0-0 Bd4 9. Ne2 Nxf2 10. Rxf2 Bxf2+ 11. Kxf2 d6 12. h3 0-0 13. Bg5 f6 14. Bh4 g5 15. Bg3 g4 16. hxg4 Bxg4 17. Qd2 f5 18. Bh4 Qe8 19. Qg5+ Qg6 20. Qxg6+ hxg6 21. Kg3 Kg7 22. Nc3 a6 23. Ng5 Rfc8 24. Nd5 Ra7 25. Ne6+ Kf7 26. Ng5+ Kg7 27. Rc1 c6 28. Nb6 Re8 29. Kf2 a5 30. Kg1 Ra6 31. Bf2 c5 32. Nd5 Rh8 33. Ne6+ Kf7 34. Nec7 Rc6 35. Be3 f4 36. Bd2 b6 37. Nb5 Ra8 38. Ra1 Bd7 39. Kf2 Kf8 40. Bc3 Bg4 41. Rh1 Bh5 42. Nf6 a4 43. Ra1 Ke7 44. Nd5+ Kf7 45. bxa4 c4 46. d4 g5 47. dxe5 dxe5 48. Bb4 Bg6 49. Nbc3 g4 50. Rh1 Re8 51. Rd1 g3+ 52. Kg1 Bh5 53. Rd2 Rh6 54. Nc7 Reh8 55. Rd7+ Kg6 56. Rd6+ Kg7 57. Ne6+ Rxe6 58. Rxe6 f3 59. Rxe5 f2+ 60. Kf1 Bg6 61. Rg5 Rh1+ 62. Ke2 f1Q+ 0-1

[Event "Mittelfranken-chTB2a 1213"]
[Site "Germany"]
[Date "2012.11.18"]
[Round "3.4"]
[White "Rieber, Rene"]
[Black "Corral, Carlos"]
[Result "0-1"]
[WhiteElo "1944"]
[BlackElo "1989"]
[PlyCount "141"]
[EventDate "2012.10.07"]
[EventType "team-tourn"]
[EventRounds "9"]
[EventCountry "GER"]
[SourceTitle "EXT 2019"]
[Source "ChessBase"]
[SourceDate "2018.10.10"]
[SourceVersion "1"]
[SourceVersionDate "2018.10.10"]
[SourceQuality "1"]
[WhiteTeam "Bechhofen II"]
[BlackTeam "Nuernberg NT V"]
[WhiteTeamCountry "GER"]
[BlackTeamCountry "GER"]

1. e4 c5 2. Nf3 Nc6 3. d4 cxd4 4. Nxd4 g6 5. c4 Bg7 6. Be3 Nf6 7. Nc3 Ng4 8. Qxg4 Nxd4 9. Qd1 Ne6 10. Rc1 Qa5 11. Qd2 g5 12. Bd3 d6 13. 0-0 h5 14. Bb1 Qe5 15. b4 b6 16. Nd5 Kf8 17. Rcd1 Rg8 18. f4 gxf4 19. Qf2 Bh6 20. Bxf4 Bxf4 21. Nxf4 Nxf4 22. Qxf4 Qxf4 23. Rxf4 Be6 24. Bd3 Rg5 25. a4 a5 26. bxa5 Rgxa5 27. Rb1 Rxa4 28. Rxb6 Bxc4 29. Bxc4 Rxc4 30. Rb5 Ra1+ 31. Kf2 Rc2+ 32. Kg3 Raa2 33. h3 Rxg2+ 34. Kh4 Ra3 35. Rb8+ Kg7 36. Rb7 Rgg3 37. Rxe7 Rxh3+ 38. Kg5 Ra5+ 39. Rf5 Rxf5+ 40. exf5 Rg3+ 41. Kh4 Kf6 42. Rd7 Rd3 43. Kxh5 Rd4 44. Ra7 Rf4 45. Rd7 Rxf5+ 46. Kg4 Rd5 47. Kf4 Ke6 48. Rd8 Rd4+ 49. Ke3 Ra4 50. Re8+ Kd7 51. Rf8 Ke7 52. Rb8 f5 53. Rh8 Ke6 54. Re8+ Kd5 55. Rh8 Re4+ 56. Kd3 Re7 57. Rh5 Rf7 58. Rg5 Ke5 59. Ke3 Ra7 60. Rh5 Ra3+ 61. Kd2 d5 62. Rg5 d4 63. Rh5 Ke4 64. Rh4+ f4 65. Rg4 Ra2+ 66. Kd1 Ke3 67. Rg8 Kd3 68. Ke1 f3 69. Rg3 Ke3 70. Kd1 d3 71. Rh3 0-1

[Event "Mittelfranken-chTB2a 1112"]
[Site "Germany"]
[Date "2011.11.20"]
[Round "3.4"]
[White "Sand, Peter"]
[Black "Rieber, Rene"]
[Result "1/2-1/2"]
[WhiteElo "1824"]
[BlackElo "1866"]
[PlyCount "191"]
[EventDate "2011.09.25"]
[EventType "team-tourn"]
[EventRounds "9"]
[EventCountry "GER"]
[SourceTitle "EXT 2013"]
[Source "ChessBase"]
[SourceDate "2012.11.22"]
[SourceVersion "1"]
[SourceVersionDate "2012.11.22"]
[SourceQuality "1"]
[WhiteTeam "Fuerth II"]
[BlackTeam "Bechhofen II"]
[WhiteTeamCountry "GER"]
[BlackTeamCountry "GER"]

1. e4 e5 2. Nf3 Nc6 3. Bb5 a6 4. Ba4 Nf6 5. 0-0 b5 6. Bb3 Be7 7. Re1 d6 8. c3 Na5 9. Bc2 c5 10. d4 cxd4 11. cxd4 Qc7 12. h3 Bb7 13. Bd3 0-0 14. b3 Rac8 15. Bb2 Nc6 16. Nbd2 Rfe8 17. Rc1 Qb8 18. Nf1 Bf8 19. Ng3 g6 20. Qd2 Bg7 21. d5 Ne7 22. Qb4 Nd7 23. Rxc8 Rxc8 24. Bc1 Nc5 25. Bb1 Qc7 26. Bd2 Ra8 27. Qa5 Qxa5 28. Bxa5 Rc8 29. Rc1 Kf8 30. Ne2 Ke8 31. Ne1 Bh6 32. Rd1 f6 33. Bb4 Kd7 34. g3 Ba8 35. Ng2 Nb7 36. f4 a5 37. Bd2 Ng8 38. Nc3 b4 39. Na4 Rb8 40. Be3 Nc5 41. Bxc5 dxc5 42. Nxc5+ Kd6 43. Nd3 Bb7 44. Rc1 Rc8 45. Kf2 Re8 46. Nc5 Bc8 47. Na4 Bxh3 48. Rc6+ Ke7 49. fxe5 fxe5 50. Rc7+ Kd6 51. Rc6+ Ke7 52. Kg1 Nf6 53. Nb6 Rf8 54. Kh2 Bd7 55. Rc7 Kd6 56. Nxd7 Kxc7 57. Nxf8 Bxf8 58. Kh3 Bc5 59. Ne1 Kd6 60. Nf3 Be3 61. Bd3 Nh5 62. Kg2 Bf4 63. g4 Nf6 64. Kh3 Kc5 65. Bc2 Ne8 66. Kg2 Nf6 67. Kh3 Ne8 68. Kg2 Nd6 69. Bd3 Nf7 70. Bc2 Ng5 71. Nxg5 Bxg5 72. Kf3 Kd4 73. Bd1 Kc3 74. Be2 Kb2 75. Bb5 Kxa2 76. Ba4 Kb2 77. Ke2 Kc3 78. Kf3 h5 79. gxh5 gxh5 80. d6 Kd4 81. d7 Bd8 82. Bb5 h4 83. Bc6 Kc3 84. Ba4 Kd3 85. Bb5+ Kd4 86. Bc6 h3 87. Kg3 a4 88. Bxa4 Kxe4 89. Kxh3 Kd3 90. Kg2 e4 91. Bb5+ Kd2 92. Ba6 Ke1 93. Bb7 e3 94. Kf3 Kd2 95. Ba6 Bb6 96. Bc4 1/2-1/2

[Event "Regionalliga NO 1112"]
[Site "Bayern"]
[Date "2011.10.23"]
[Round "2.8"]
[White "Unterkircher, Michael"]
[Black "Rieber, Rene"]
[Result "1-0"]
[WhiteElo "1886"]
[BlackElo "1853"]
[PlyCount "87"]
[EventDate "2011.10.02"]
[EventType "team-tourn"]
[EventRounds "9"]
[EventCountry "GER"]
[SourceTitle "EXT 2013"]
[Source "ChessBase"]
[SourceDate "2012.11.22"]
[SourceVersion "1"]
[SourceVersionDate "2012.11.22"]
[SourceQuality "1"]
[WhiteTeam "Windischeschenbach"]
[BlackTeam "Bechhofen"]
[WhiteTeamCountry "GER"]
[BlackTeamCountry "GER"]

1. d4 Nf6 2. c3 e6 3. Nf3 c5 4. e3 Nc6 5. Bd3 Qc7 6. Nbd2 cxd4 7. exd4 h6 8. Qe2 a6 9. Nc4 d6 10. a4 Be7 11. Bd2 Rb8 12. b4 Bd7 13. 0-0 g5 14. b5 axb5 15. axb5 Nd8 16. b6 Qc6 17. Rfb1 g4 18. Ne1 h5 19. Nc2 Kf8 20. Nb4 Qc8 21. Bf4 Ne8 22. Re1 Ra8 23. Rxa8 Qxa8 24. Nd5 Qc8 25. Nxe7 Kxe7 26. Nxd6 Qxc3 27. Nxe8 Kxe8 28. d5 Qa5 29. Qe5 Rg8 30. dxe6 Qxe5 31. exd7+ Kxd7 32. Rxe5 Ne6 33. Bf5 Ra8 34. g3 Ra6 35. Bxe6+ fxe6 36. Be3 Ke7 37. Rxh5 Kf6 38. Rh7 Ke5 39. Rxb7 Ra3 40. Rg7 Ke4 41. Rxg4+ Kf3 42. Rf4+ Ke2 43. Kg2 Rb3 44. Re4 1-0

[Event "Regionalliga NO 1011"]
[Site "Bayern"]
[Date "2011.04.10"]
[Round "9.7"]
[White "Rieber, Rene"]
[Black "Fiedler, Wolfgang"]
[Result "1/2-1/2"]
[WhiteElo "1872"]
[BlackElo "1997"]
[PlyCount "20"]
[EventDate "2010.10.10"]
[EventType "team-tourn"]
[EventRounds "9"]
[EventCountry "GER"]
[SourceTitle "EXT 2012"]
[Source "ChessBase"]
[SourceDate "2011.11.24"]
[SourceVersion "1"]
[SourceVersionDate "2011.11.24"]
[SourceQuality "1"]
[WhiteTeam "Bechhofen"]
[BlackTeam "Forchheim II"]
[WhiteTeamCountry "GER"]
[BlackTeamCountry "GER"]

1. g4 c5 2. Bg2 Nc6 3. c4 g6 4. d3 Bg7 5. Nc3 d6 6. h3 e5 7. e3 Nge7 8. Nge2 Be6 9. Bd2 d5 10. b3 Rc8 1/2-1/2

[Event "Nuremberg-ch op 04th"]
[Site "Nuremberg"]
[Date "2004.05.23"]
[Round "5"]
[White "Hannweber, Markus"]
[Black "Rieber, Rene"]
[Result "1/2-1/2"]
[WhiteElo "1856"]
[BlackElo "2075"]
[PlyCount "35"]
[EventDate "2004.05.21"]
[EventType "swiss"]
[EventRounds "5"]
[EventCountry "GER"]
[SourceTitle "EXT 2006"]
[Source "ChessBase"]
[SourceDate "2005.11.24"]
[SourceVersion "1"]
[SourceVersionDate "2005.11.24"]
[SourceQuality "1"]

1. e4 d6 2. d4 f5 3. exf5 Bxf5 4. Nf3 Nf6 5. Bd3 Qd7 6. c4 Nc6 7. Nc3 Bxd3 8. Qxd3 Qe6+ 9. Qe2 Qxe2+ 10. Nxe2 Nb4 11. 0-0 h6 12. a3 Nd3 13. Rd1 Nxc1 14. Raxc1 g5 15. Ng3 e6 16. Re1 Kd7 17. h3 c6 18. b3 1/2-1/2